| 000 | 01471cam a2200373 a 4500 | ||
|---|---|---|---|
| 001 | 3961120 | ||
| 003 | PILC | ||
| 005 | 20150318132029.0 | ||
| 008 | 940719s1994 ohuab b s000 0beng | ||
| 010 | _a 94029670 | ||
| 020 | _a0814206581 | ||
| 020 | _a081420659X (pbk.) | ||
| 040 |
_aDLC _cDLC _dDLC |
||
| 041 | 1 |
_aeng _hger |
|
| 043 | _ae-gx--- | ||
| 050 | 0 | 0 |
_aTK 140.S5 _b.F4513 1994 |
| 082 | 0 | 0 |
_a338.7/6213/092 _aB |
| 100 | 1 | _aFeldenkirchen, Wilfried. | |
| 240 | 1 | 0 |
_aWerner von Siemens. _lEnglish |
| 245 | 1 | 0 |
_aWerner von Siemens : _binventor and international entrepreneur / _cWilfried Feldenkirchen. |
| 260 |
_aColumbus : _bOhio State University Press, _cc1994. |
||
| 300 |
_axxv, 203 pages : _billustrations, map ; _c24 cm. |
||
| 440 | 0 | _aHistorical perspectives on business enterprise series | |
| 504 | _aIncludes bibliographical references (p. 199-203). | ||
| 600 | 1 | 0 |
_aSiemens, Werner von, _d1816-1892. |
| 650 | 0 |
_aElectrical engineers _zGermany _vBiography. |
|
| 650 | 0 |
_aBusinesspeople _zGermany _vBiography. |
|
| 650 | 0 |
_aElectrical engineering _zGermany _xHistory _y19th century. |
|
| 650 | 0 |
_aBusiness enterprises _zGermany _xHistory _y19th century. |
|
| 856 | 4 | 2 |
_3Book review (H-Net) _uhttp://www.h-net.org/review/hrev-a0a5a5-aa |
| 906 |
_a7 _bcbc _corignew _d1 _eocip _f19 _gy-gencatlg |
||
| 942 |
_2lcc _cBK |
||
| 999 |
_c283778 _d283778 |
||